Hospodářská politika v členských zemích Evropské unie sborník příspěvků XI. mezinárodní vědecké konference : 18. - 20. září 2013 Velké Karlovice

Enregistré dans:
Détails bibliographiques
Collectivités auteurs: Hospodářská politika v členských zemích Evropské unie. Mezinárodní vědecká konference, Slezská univerzita v Opavě. Obchodně podnikatelská fakulta v Karviné, Vysoká škola báňská - Technická univerzita Ostrava. Ekonomická fakulta
Format: Livre
Langue:tchèque
anglais
Publié: [Karviná] [Obchodně podnikatelská fakulta v Karviné SU v Opavě] [2013]
Sujets:
Tags: Ajouter un tag
Pas de tags, Soyez le premier à ajouter un tag!

MARC

LEADER 00000nlm a2200000 4500
001 0180928
005 20251028084646.2
020 |a 978-80-248-3094-0 
041 0 |a cze 
041 0 |a eng 
044 |a CZ 
245 1 0 |a Hospodářská politika v členských zemích Evropské unie  |b sborník příspěvků XI. mezinárodní vědecké konference : 18. - 20. září 2013 Velké Karlovice 
264 1 |a [Karviná]  |b [Obchodně podnikatelská fakulta v Karviné SU v Opavě]  |c [2013] 
300 |a CD-ROM [690 s.] 
610 2 0 |a politika hospodárska 
610 2 0 |a politika hospodárska medzinárodná 
610 2 0 |a Európska únia 
110 2 |a Hospodářská politika v členských zemích Evropské unie. Mezinárodní vědecká konference 
710 2 |a Slezská univerzita v Opavě. Obchodně podnikatelská fakulta v Karviné 
710 2 |a Vysoká škola báňská - Technická univerzita Ostrava. Ekonomická fakulta